banner

El niño del "siglo del niño" / (Registro nro. 1345)

000 -LEADER
fixed length control field 01226nam a2200229 a 4500
003 - CONTROL NUMBER IDENTIFIER
control field AR-BaISA
005 - DATE AND TIME OF LATEST TRANSACTION
control field 20230725185621.0
006 - FIXED-LENGTH DATA ELEMENTS--ADDITIONAL MATERIAL CHARACTERISTICS
fixed length control field a||||fr|||| 00| 0
007 - PHYSICAL DESCRIPTION FIXED FIELD--GENERAL INFORMATION
fixed length control field ta
008 - FIXED-LENGTH DATA ELEMENTS--GENERAL INFORMATION
fixed length control field 230725s1999 ag ||||f |||| 00| 0 spa d
020 ## - INTERNATIONAL STANDARD BOOK NUMBER
International Standard Book Number 9507248625
040 ## - CATALOGING SOURCE
Language of cataloging spa
Transcribing agency AR-BaISA
082 04 - DEWEY DECIMAL CLASSIFICATION NUMBER
Edition number 22
Classification number 155.4 V889
100 ## - MAIN ENTRY--PERSONAL NAME
9 (RLIN) 2940
Personal name Volnovich, Juan Carlos
Relator term aut.
245 13 - TITLE STATEMENT
Title El niño del "siglo del niño" /
Statement of responsibility, etc. Juan Carlos Volnovich
260 ## - PUBLICATION, DISTRIBUTION, ETC.
Place of publication, distribution, etc. Buenos Aires:
Name of publisher, distributor, etc. Lumen,
Date of publication, distribution, etc. c1999
300 ## - PHYSICAL DESCRIPTION
Extent [160] p.
490 ## - SERIES STATEMENT
Serie Minoridad y familia
505 ## - FORMATTED CONTENTS NOTE
Title El niño del "siglo del siglo" --
-- Los que viven en el margen de la sociedad civil --
-- Los chicos como sujetos de derecho antes que como objetos del tutelaje --
-- Niños asesinos o niños asesinados --
-- Los chicos de la cibercultura --
-- Juicios y prejuicios acerca del impacto del Internet en los chicos --
-- Desafíos actuales en la clínica con los niños --
-- La niñez, el inconsciente y nuestra cultura actual --
-- El cuerpo del niño y la niña: ayer y hoy --
-- La "inocente" sexualidad de los varones y la sexualidad "culpable" de las niñas --
-- Estudio y trabajo en la formación de los jóvenes cubanos
650 14 - SUBJECT ADDED ENTRY--TOPICAL TERM
9 (RLIN) 1932
Topical term or geographic name entry element Psicología infantil
942 ## - ADDED ENTRY ELEMENTS (KOHA)
Source of classification or shelving scheme
Koha item type Libros
Edition 22
Existencias
Withdrawn status Lost status Source of classification or shelving scheme Damaged status Not for loan Permanent Location Current Location Date acquired Inventory number Full call number Barcode Date last seen Copy number Price effective from Koha item type
          Biblioteca ISALUD. Dr. Néstor Rodríguez Campoamor Biblioteca ISALUD. Dr. Néstor Rodríguez Campoamor 2023-07-25 4901 155.4 V889 4901 2023-07-25 ej. 1 2023-07-25 Libros
          Biblioteca ISALUD. Dr. Néstor Rodríguez Campoamor Biblioteca ISALUD. Dr. Néstor Rodríguez Campoamor 2023-07-25 4902 155.4 V889 4902 2023-07-25 ej. 2 2023-07-25 Libros
          Biblioteca ISALUD. Dr. Néstor Rodríguez Campoamor Biblioteca ISALUD. Dr. Néstor Rodríguez Campoamor 2023-07-25 4904 155.4 V889 4904 2023-07-25 ej. 3 2023-07-25 Libros